000 00378nam a2200121Ia 4500
008 210430s9999 xx 000 0 und d
082 _a537.5352 D5451M
100 _aDickson Dominic P.E,Berry Frank j.
_954947
245 _aMossbauer Spectroscopy
_cDickson Dominic P.E,Berry Frank j.
260 _aLondon
_bcambridge university press
_c1986
300 _a274p.
942 _cBK
_2ddc
999 _c565865
_d565865